000 01090cam a2200373 4500
001 ABS64281
008 010725n2001 000 0 eng u
035 _a(Sirsi) u113750
100 _aMadine, V.
245 4 _aThe world is not enough
260 _c2001
490 _aBuilding
_v266(8192) 6 July 2001, 44-49(6)
520 _aAnnual Hays Montrose/Building international salary guide. Reveals that demand for UK consultants is healthy. Although the bad news is that salaries have fallen from levels in 2000, in particular quantity surveyors' international earnings have dropped the most.
590 _aABS
650 _aSALARY SURVEYS
650 _aHAYS MONTROSE
650 _aSPAIN
650 _aGERMANY
650 _aFRANCE
650 _aNETHERLANDS
650 _aPOLAND
650 _aTHAILAND
650 _aHONG KONG
650 _aAUSTRALIA
650 _aCONSULTANTS
650 _aCHINA
650 _aNEW ZEALAND
650 _aWEST INDIES
650 _aCARIBBEAN
650 _aEGYPT
690 _aINTERNATIONAL
700 _aBlack, S.
942 _n0
999 _c67774
_d67774